[Event "HCL-M817"]
[Site "www.playchess.de"]
[Date "2006.01.18"]
[Round "36"]
[White "marceli"]
[Black "BDG_Girl"]
[WhiteElo "1771"]
[BlackElo "2031"]
[PlyCount "53"]
[Result "1/2-1/2"]

1.d4 {hi}  Nf6 {Hello and good luck!}  2.c4 
{thanks}  e6 3.Nc3 c5 4.Nf3 cxd4 5.Nxd4 d5 6.Bg5 
dxc4 7.e3 Nbd7 8.Bxc4 Qa5 9.Bxf6 Nxf6 10.O-O Bd7 
11.Qb3 Qb4 12.Rfd1 Rc8 13.Bb5 Bxb5 14.Ncxb5 a6 
15.Na7 Qxb3 16.Nxb3 Rc2 17.Rac1 Rxc1 18.Rxc1 Kd7 
19.Nc8 Nd5 20.e4 Bb4 21.exd5 Rxc8 22.Rxc8 Kxc8 
23.dxe6 fxe6 24.Kf1 Kd7 {Merry Christmas and may 
God Bless you and your family!}  25.Ke2 {thanks, 
best wishes for you & your family, too}  Kc6 
26.Nd4+ Kd5 27.Nc2 {(offering draw)} 
 1/2-1/2

[Event "HCL-C4049"]
[Site "www.playchess.de"]
[Date "2006.01.18"]
[Round "6"]
[White "epenz"]
[Black "valpa"]
[WhiteElo "993"]
[BlackElo "1069"]
[PlyCount "56"]
[Result "1/2-1/2"]

1.e4 Nf6 2.Nf3 Nxe4 3.d3 Nf6 4.Nc3 d5 5.Be2 e6 
6.O-O Be7 7.Re1 O-O 8.a3 Nc6 9.Bg5 Nd7 10.Bxe7 
Qxe7 11.b4 Nce5 12.Nxe5 Nxe5 13.Nb5 c6 14.Nd4 Qd6 
15.Nf3 Nxf3+ 16.Bxf3 Bd7 17.c3 Rfe8 18.c4 dxc4 
19.dxc4 Qe7 20.c5 Rad8 21.Qc2 Bc8 22.h3 Rd7 
23.Rad1 g6 24.Rxd7 Qxd7 25.Rd1 Qc7 26.Qe2 Rd8 
27.Rxd8+ Qxd8 28.Kh2 Qc7+ {(offering draw)} 
 1/2-1/2

[Event "HCL-C4079"]
[Site "www.playchess.de"]
[Date "2006.01.18"]
[Round "4"]
[White "Farquhart"]
[Black "Treebeard"]
[WhiteElo "570"]
[BlackElo "1239"]
[PlyCount "22"]
[Result "0-1"]

1.e4 e5 2.Nf3 Nc6 3.Bc4 Nf6 4.d3 Bc5 5.c3 O-O 6.g4 
Nxg4 7.Rf1 Nf6 8.Ng5 d5 9.exd5 Nxd5 10.Rg1 Qf6 
11.Bxd5 Qxf2+ 0-1

[Event "HCL-C4049"]
[Site "www.playchess.de"]
[Date "2006.01.18"]
[Round "11"]
[White "epenz"]
[Black "tusnelda"]
[WhiteElo "993"]
[BlackElo "1187"]
[PlyCount "76"]
[Result "0-1"]

1.e4 e5 2.Nf3 Nc6 3.Bc4 Bc5 4.O-O d6 5.d3 h6 6.Nc3 
Nf6 7.h3 Nd4 8.Be3 Nxf3+ 9.Qxf3 a6 10.Nd5 Nxd5 
11.Bxd5 Qe7 12.Bxc5 dxc5 13.a3 c6 14.Bb3 b5 15.Ba2 
a5 16.c3 Ba6 17.Rac1 Rd8 18.Rcd1 c4 19.d4 exd4 
20.cxd4 b4 21.axb4 axb4 22.Rfe1 b3 23.Bb1 O-O 
24.d5 cxd5 25.Kf1 c3+ 26.Kg1 c2 27.Rxd5 Rxd5 
28.Bxc2 bxc2 29.Rc1 Rd1+ 30.Rxd1 cxd1Q+ 31.Qxd1 
Qxe4 32.Qd6 Bb7 33.f3 Qb1+ 34.Kh2 Qxb2 35.Qc7 Re8 
36.h4 Re2 37.Qg3 Qe5 38.Qxe5 Rxe5 0-1

[Event "HCL-A2515"]
[Site "www.playchess.de"]
[Date "2006.01.18"]
[Round "8"]
[White "Eishockeytorwart"]
[Black "sonnygarcia"]
[WhiteElo "1912"]
[BlackElo "1006"]
[PlyCount "89"]
[Result "1-0"]

1.e4 {welcome and good luck from germany}  e6 
{hello!}  2.d4 d5 3.e5 c5 4.Nf3 cxd4 5.Nxd4 a6 
6.Nd2 Nc6 7.N2f3 Nxd4 8.Nxd4 Bc5 9.Nb3 Ba7 10.Qg4 
Ne7 11.Qxg7 Rg8 12.Qxh7 Bd7 13.Bf4 Qb6 14.Bg3 
O-O-O 15.Bd3 Nf5 16.Bxf5 exf5 17.O-O-O Be6 18.Qh4 
a5 19.Qa4 Qc7 20.Qxa5 Qxa5 21.Nxa5 f4 22.Bh4 Rde8 
23.Rd3 Rxg2 24.Rc3+ Kb8 25.Rb3 b6 26.Nc6+ Kb7 
27.Nd8+ Rxd8 28.Bxd8 d4 29.Rd3 b5 30.Bh4 Bf5 
31.Rd2 d3 32.cxd3 Bd4 33.a3 Bxe5 34.Re1 f6 35.d4 
Bc7 36.f3 Rxd2 37.Kxd2 Ba5+ 38.b4 Bb6 39.Bxf6 Kc7 
40.h4 Kd7 41.Re5 Be6 42.Rxb5 Bc7 43.h5 Ke8 44.h6 
Kf7 45.h7 1-0

[Event "HCL-A2536"]
[Site "www.playchess.de"]
[Date "2006.01.18"]
[Round "2"]
[White "sonnygarcia"]
[Black "chessy371"]
[WhiteElo "1032"]
[BlackElo "1700"]
[PlyCount "48"]
[Result "0-1"]

1.e4 c5 {hello from england}  2.Nf3 Nc6 3.d4 cxd4 
4.Nxd4 Nf6 5.Nc3 g6 6.Bg5 Bg7 7.Qd2 O-O 8.Bc4 d6 
9.O-O-O Bd7 10.h4 Rc8 11.g3 Nxd4 12.Qxd4 Ng4 
13.Qd2 Rxc4 14.h5 Ne5 15.f4 Nf3 16.Qd3 Rxc3 
17.bxc3 Nxg5 18.fxg5 Bg4 19.Rdg1 gxh5 20.Rh4 Qd7 
21.Rgh1 Rc8 22.Kb2 Rxc3 23.Qxc3 Qb5+ 24.Kc1 
Bxc3 0-1

[Event "HCL-B3761"]
[Site "www.playchess.de"]
[Date "2006.01.18"]
[Round "9"]
[White "thor"]
[Black "ama49"]
[WhiteElo "1002"]
[BlackElo "1155"]
[PlyCount "62"]
[Result "0-1"]

1.e4 e5 {Greetings from Scotland}  2.Nf3 Nc6 3.Bb5 
a6 4.Ba4 b5 5.Bb3 h6 6.O-O Nf6 7.d3 Be7 8.c3 O-O 
9.Re1 Bb7 10.Nbd2 Na5 11.Bc2 Nc6 12.Nf1 d5 13.exd5 
Nxd5 14.Ng3 Bf6 15.c4 bxc4 16.dxc4 Ndb4 17.Bf5 
Qxd1 18.Rxd1 Rad8 19.Rxd8 Rxd8 20.a3 Rd1+ 21.Nf1 
Nd4 22.Nxd4 exd4 23.axb4 d3 24.b3 Bxa1 25.Be3 Bc3 
26.b5 axb5 27.cxb5 d2 28.Bg4 Rb1 29.h3 d1Q 30.Bxd1 
Rxd1 31.g3 Rb1 0-1

[Event "HCL-E1545"]
[Site "www.playchess.de"]
[Date "2006.01.18"]
[Round "3"]
[White "Eishockeytorwart"]
[Black "yannick"]
[WhiteElo "1949"]
[BlackElo "1584"]
[PlyCount "113"]
[Result "1-0"]

1.e4 {welcome from germany}  c6 2.Nf3 d5 3.exd5 
cxd5 4.Bb5+ Bd7 5.Nc3 Bxb5 6.Nxb5 Nc6 7.O-O a6 
8.Nbd4 e6 9.Nxc6 bxc6 10.d4 Bd6 11.c4 Ne7 12.cxd5 
cxd5 13.Qa4+ Qd7 14.Qxd7+ Kxd7 15.Bd2 Rac8 16.Rac1 
Rxc1 17.Rxc1 Rb8 18.b3 Nc6 19.h3 a5 20.Kf1 Ba3 
21.Rc2 f6 22.Bf4 Rc8 23.h4 Nb4 24.Rxc8 Kxc8 25.Bd6 
Kd7 26.Bf8 Ke8 27.Bxg7 Kf7 28.Bh6 Nxa2 29.Bd2 Nc1 
30.Bxa5 Nxb3 31.Bc3 Kg6 32.Ke2 Kf5 33.Kd1 Nc1 
34.Ne1 Na2 35.Bd2 Nb4 36.f3 Kg6 37.Nc2 Nxc2 
38.Kxc2 Bd6 39.g4 h5 40.Be1 hxg4 41.fxg4 f5 {what 
do you think about a draw ?}  42.g5 {i think i 
have a little chance to win}  e5 {ok,let's go}  
43.dxe5 Bxe5 44.Kd3 f4 45.Ke2 Kh5 46.Kf3 Bd6 
47.Bc3 Bc5 48.Kxf4 Bf2 49.Kf5 d4 50.g6 Kh6 51.Bd2+ 
Kg7 52.Bg5 Be3 53.h5 Bxg5 54.Kxg5 d3 55.h6+ Kg8 
56.Kf6 Kf8 57.g7+ 1-0

[Event "HCL-B3821"]
[Site "www.playchess.de"]
[Date "2006.01.18"]
[Round "14"]
[White "dynamike"]
[Black "IRONMAIDEN"]
[WhiteElo "1610"]
[BlackElo "1382"]
[PlyCount "55"]
[Result "1-0"]

1.e4 e5 {Hallo}  2.Nf3 {Hallo aus Stuttgart}  d6 
3.Bc4 Bg4 4.Nc3 Nf6 5.h3 Bh5 6.Be2 Be7 7.d4 Nc6 
8.dxe5 Nxe5 9.Nxe5 dxe5 10.Bxh5 O-O 11.O-O g6 
12.Qxd8 Rfxd8 13.Be2 c6 14.Be3 Rd7 15.Rad1 b6 
16.Rxd7 Nxd7 17.Rd1 Nf6 18.f4 b5 19.fxe5 Ne8 
20.Rd7 Bb4 21.Bd2 Bc5+ 22.Kf1 Ng7 23.Bh6 Ne6 
24.Bg4 Nd4 25.Ne2 Nxc2 26.e6 fxe6 27.Bxe6+ Kh8 
28.Bg7+ 1-0

[Event "HCL-C3941"]
[Site "www.playchess.de"]
[Date "2006.01.18"]
[Round "2"]
[White "xmen"]
[Black "pookey"]
[WhiteElo "800"]
[BlackElo "800"]
[PlyCount "75"]
[Result "1-0"]

1.e4 e5 2.Nf3 Nc6 3.Bb5 a6 4.Ba4 b5 5.Bb3 Nf6 
6.O-O Be7 7.Re1 O-O 8.c3 d6 9.Ng5 h6 10.Nxf7 Rxf7 
11.Bxf7+ Kxf7 12.d4 Bg4 13.f3 Bd7 14.d5 Na5 15.b3 
Nb7 16.b4 Qh8 17.Nd2 h5 18.Nf1 h4 19.h3 Rg8 20.Nh2 
g5 21.Ng4 Nxg4 22.fxg4 Ke8 23.Rf1 Bf6 24.Qe2 Qh7 
25.Bd2 Bh8 26.Rf2 Kd8 27.Raf1 c6 28.R2f8+ Rxf8 
29.Bxg5+ Ke8 30.Rxf8+ Kxf8 31.Qf3+ Ke8 32.dxc6 
Bxc6 33.Qf5 Qg8 34.Qc8+ Kf7 35.Qf5+ Ke8 36.Qc8+ 
Nd8 37.Qxd8+ Kf7 38.Qe7+ 1-0

[Event "HCL-C4026"]
[Site "www.playchess.de"]
[Date "2006.01.18"]
[Round "9"]
[White "cioran"]
[Black "Farquhart"]
[WhiteElo "1214"]
[BlackElo "422"]
[PlyCount "61"]
[Result "1-0"]

1.d4 d5 2.Nf3 {hello from frankfurt and good luck} 
 Nc6 {thanks, gl}  3.Bg5 f6 4.Bh4 Nh6 5.e3 a5 
6.Bd3 Nb4 7.O-O Nxd3 8.Qxd3 Nf5 9.Nbd2 Nxh4 
10.Nxh4 Ra6 11.c4 dxc4 12.Nxc4 b5 13.Nd2 Bb7 
14.Qxb5+ Qd7 15.Qxb7 Rc6 16.Qa8+ Kf7 17.Qxa5 Rc2 
18.Rac1 Rxd2 19.Qxd2 Qb5 20.Rxc7 Qb6 21.Rfc1 g5 
22.Nf5 Qe6 23.g4 Qxa2 24.Qb4 Qa8 25.Qb3+ Kg6 
26.Nxe7+ Bxe7 27.Rxe7 Rf8 28.Rcc7 Qb8 29.Reg7+ Kh6 
30.Rgxh7+ Kg6 31.Rcg7+ 1-0

[Event "HCL-B3839"]
[Site "www.playchess.de"]
[Date "2006.01.18"]
[Round "2"]
[White "PhilipKaveny"]
[Black "Sporang"]
[WhiteElo "1353"]
[BlackElo "1031"]
[PlyCount "51"]
[Result "1-0"]

1.e4 e5 2.Bc4 Nc6 3.Nf3 Bc5 4.c3 Nf6 5.b4 Bb6 
6.O-O d6 7.d3 h6 8.a4 a5 9.b5 Ne7 10.h3 O-O 11.Re1 
Be6 12.Qb3 Bxc4 13.Qxc4 c6 14.Qb3 d5 15.bxc6 bxc6 
16.Nxe5 dxe4 17.d4 Rb8 18.Qc2 c5 19.Ba3 cxd4 
20.Bxe7 Qxe7 21.Nc6 Qc5 22.Nxd4 Rfe8 23.Nd2 Rbd8 
24.N2b3 Qc6 25.Nxc6 Rd3 {looks like I've been 
sleeping again.}  26.Rad1 {Sorry the fog of war} 
 1-0

[Event "HCL-M871"]
[Site "www.playchess.de"]
[Date "2006.01.18"]
[Round "5"]
[White "Hamburger"]
[Black "anne_t"]
[WhiteElo "1862"]
[BlackElo "1935"]
[PlyCount "36"]
[Result "0-1"]

1.d4 {Hi. Nice to meet you again.}  Nf6 {Hello :} 
All the best again. greetings}  2.c4 e6 3.Nf3 b6 
4.Bg5 Bb7 5.Nc3 Bb4 6.a3 Bxc3+ 7.bxc3 h6 8.Bh4 d6 
9.e3 Nbd7 10.Be2 g5 11.Bg3 Ne4 12.Qc2 h5 13.h3 f5 
14.Bh2 g4 15.hxg4 hxg4 16.Qb3 Qf6 {i wish you a 
fine 2006!}  17.c5 {thanks. the same wishes for 
you too.}  gxf3 {thank you}  18.Bxf3 
Bd5 0-1

[Event "ACL-A646"]
[Site "www.playchess.de"]
[Date "2006.01.18"]
[Round "5"]
[White "WolfPlayer"]
[Black "SidPistol"]
[WhiteElo "1500"]
[BlackElo "1588"]
[PlyCount "42"]
[Result "0-1"]

1.c4 Nf6 2.g3 g6 3.Bg2 d5 4.cxd5 Nxd5 5.Nc3 Nb6 
6.Nf3 Bg7 7.O-O O-O 8.d3 Nc6 9.Be3 h6 10.a3 e5 
11.Qd2 Nd4 12.Qd1 Be6 13.b4 a5 14.b5 Qe7 15.Nd2 
Rab8 16.Re1 f5 17.Bxd4 exd4 18.Na4 Nd5 19.Nc4 b6 
20.e4 fxe4 21.Bxe4 Qf7 0-1

[Event "HCL-E1485"]
[Site "www.playchess.de"]
[Date "2006.01.18"]
[Round "8"]
[White "terry"]
[Black "oyetola"]
[WhiteElo "1731"]
[BlackElo "1514"]
[PlyCount "79"]
[Result "1-0"]

1.e4 e5 2.Nf3 Nc6 3.d3 Nf6 4.Be2 Bc5 5.a3 {hello 
and good luck/skill}  d6 6.Nc3 Bg4 7.Bg5 h6 8.Bh4 
g5 9.Bg3 Nh5 10.Nxe5 Nxg3 11.hxg3 Bxe2 12.Nxc6 
bxc6 13.Qxe2 Rb8 14.Na4 Bd4 15.c3 Bg7 16.O-O h5 
17.d4 Qd7 18.e5 Qe6 19.Qa6 h4 20.Qxc6+ Kf8 21.Qxc7 
Rc8 22.Qxd6+ Qxd6 23.exd6 Rc6 24.g4 Rxd6 25.Rae1 
h3 26.g3 Rdh6 27.Nc5 Bf6 28.Nd7+ Kg7 29.Nxf6 Kxf6 
30.Kh2 Rd8 31.Re2 a5 32.Rd1 a4 33.c4 Kg7 34.d5 f6 
35.c5 Kg6 36.d6 Rh7 37.c6 Ra7 38.c7 Rf8 39.Rc2 
Raa8 40.d7 1-0

[Event "HCL-B3821"]
[Site "www.playchess.de"]
[Date "2006.01.18"]
[Round "9"]
[White "maus"]
[Black "scotty4u"]
[WhiteElo "1327"]
[BlackElo "1336"]
[PlyCount "43"]
[Result "1/2-1/2"]

1.e4 c5 2.Nf3 Nc6 3.d4 cxd4 4.Nxd4 e5 5.Nxc6 bxc6 
6.c4 Nf6 7.Nc3 Bb4 8.Bd2 a5 9.Bd3 Ba6 10.O-O d5 
11.exd5 cxd5 12.Qe2 O-O 13.cxd5 Bxd3 14.Qxd3 e4 
15.Qd4 Bxc3 16.Bxc3 Qxd5 17.Qb6 Nh5 18.Rfd1 Qg5 
19.Bd2 Qf5 20.Rac1 Rfb8 21.Qd4 Nf4 22.Bxf4 
{(offering draw)}  1/2-1/2

[Event "HCL-B3678"]
[Site "www.playchess.de"]
[Date "2006.01.18"]
[Round "9"]
[White "Jeffery_Lau"]
[Black "bossjos"]
[WhiteElo "1017"]
[BlackElo "1261"]
[PlyCount "30"]
[Result "0-1"]

1.e4 e5 2.Nf3 Nf6 3.Nc3 Bb4 4.Bc4 O-O 5.O-O Nc6 
6.a3 Ba5 7.b4 Bb6 8.h3 d6 9.Bb2 a6 10.Ng5 h6 
11.Nf3 Be6 12.Nd5 Nxe4 13.d3 Nf6 14.Nxb6 cxb6 
15.Re1 Qd7 0-1

[Event "HCL-B3841"]
[Site "www.playchess.de"]
[Date "2006.01.18"]
[Round "9"]
[White "Phileas"]
[Black "RUDI"]
[WhiteElo "1444"]
[BlackElo "1240"]
[PlyCount "73"]
[Result "1-0"]

1.e4 e5 2.Nf3 {enjoy your game!}  Nc6 {let`s have 
a good one!}  3.Bb5 Bd6 4.b3 a6 5.Bxc6 dxc6 6.Bb2 
Nf6 7.d3 O-O 8.Nxe5 Bxe5 9.Bxe5 Be6 10.Qf3 c5 
11.Bxf6 Qxf6 12.Qxf6 gxf6 13.Nd2 b5 14.c4 b4 15.f4 
Bc8 16.f5 Bb7 17.Nf1 Rad8 18.O-O-O Rd7 19.Ng3 Rd6 
20.Rhe1 h6 21.Nh5 Kh7 22.g4 Rg8 23.h3 a5 24.Kc2 
Bc6 25.Re2 Ra8 26.e5 fxe5 27.Rxe5 f6 28.Re7+ Kh8 
29.Re6 Rf8 30.Nf4 Rf7 {(offering draw)}  31.Rde1 
{it is over soon... vielen Dank}  a4 {okay}  
32.R6e7 {Aber es war einen schoene Spiel (das, 
oder der Spiel??) Ich habe vergessen.}  Rd7 {passt 
schon. ein schönes Spiel. (Hauptsache wir 
verstehen uns!)}  33.R7e8+ {ja, wir verstehen 
uns... aber Ich bin nicht sehr "precise"...}  Kh7 
{passt schon!}  34.Ng6 {Ah... verstehe Ich... 
passt meint vertich?}  Kg7 {passt schon heißt, es 
ist in Ordnung so.}  35.Rh8 axb3+ 36.axb3 Bb7 
37.Ree8 1-0

[Event "HCL-A2454"]
[Site "www.playchess.de"]
[Date "2006.01.18"]
[Round "9"]
[White "Phil_Ottis"]
[Black "seisan"]
[WhiteElo "1381"]
[BlackElo "1424"]
[PlyCount "69"]
[Result "1-0"]

1.e4 c5 2.Bc4 e6 3.e5 d5 4.Bb5+ Nc6 5.f4 a6 
6.Bxc6+ bxc6 7.Nf3 Ne7 8.d4 Nf5 9.g3 a5 10.a4 Ba6 
11.Nc3 cxd4 12.Ne2 Bb4+ 13.Kf2 c5 14.c3 dxc3 
15.bxc3 Bxe2 16.Qxe2 Bxc3 17.Rb1 O-O 18.g4 Nd4 
19.Nxd4 cxd4 20.h4 {oops}  Qd7 21.Ba3 Rfb8 22.Rb5 
Rxb5 23.axb5 Rb8 24.Rb1 g6 25.Bd6 Rb7 26.h5 a4 
27.b6 Qd8 28.Qa6 Qh4+ 29.Kf3 {nice move}  Qh3+ 
{thank you}  30.Kf2 {Damb! You might just get me.} 
 Qe3+ 31.Kg2 Qe4+ 32.Kh3 Rb8 33.Bxb8 Qxb1 34.Qc8+ 
{Thanks}  Kg7 {for what?}  35.h6+ {the game} 
 1-0

[Event "HCL-E1536"]
[Site "www.playchess.de"]
[Date "2006.01.18"]
[Round "4"]
[White "kendo"]
[Black "ippuli"]
[WhiteElo "1616"]
[BlackElo "1614"]
[PlyCount "20"]
[Result "0-1"]

1.f4 {hi!}  Nc6 {Hi! Good luck...}  2.Nf3 d5 3.b3 
Nf6 4.Bb2 Bf5 5.e3 e6 6.Bb5 Be7 7.Nd4 O-O 8.Nxc6 
bxc6 9.Bxf6 Bxf6 {Hmmm....}  10.Bxc6 {at move 10 I 
will resign, sorry!}  Bxa1 {But why?} 
 0-1

[Event "HCL-C4076"]
[Site "www.playchess.de"]
[Date "2006.01.18"]
[Round "5"]
[White "pera"]
[Black "Nutz"]
[WhiteElo "941"]
[BlackElo "1088"]
[PlyCount "75"]
[Result "1-0"]

1.e4 e5 2.Nf3 d6 3.c4 c5 4.Nc3 Nf6 5.d3 Nc6 6.Bg5 
h6 7.Bxf6 Qxf6 8.Nd5 Qd8 9.Be2 Nd4 10.Nxd4 cxd4 
11.O-O Qg5 12.Nc7+ Kd8 13.Nxa8 Bh3 14.g3 Bxf1 
15.Bxf1 Qe7 16.Qa4 b6 17.Bh3 Qb7 18.Rb1 g6 19.f4 
f5 20.Nxb6 axb6 21.exf5 exf4 22.fxg6 Rg8 23.Bf5 
fxg3 24.Be4 d5 25.Bxd5 gxh2+ 26.Kh1 b5 27.Qa5+ Qc7 
28.Qa8+ Qc8 29.Qxc8+ Kxc8 30.Bxg8 bxc4 31.Be6+ Kd8 
32.Bxc4 Bd6 33.g7 Kc7 34.g8Q Kc6 35.Qd5+ Kd7 
36.Qe6+ Kc6 37.Rc1 Kc5 38.Bd5+ 1-0

[Event "HCL-C4026"]
[Site "www.playchess.de"]
[Date "2006.01.18"]
[Round "8"]
[White "claytonirvana"]
[Black "cioran"]
[WhiteElo "698"]
[BlackElo "1214"]
[PlyCount "62"]
[Result "0-1"]

1.e4 e5 2.Nf3 Nc6 3.d3 Bb4+ 4.c3 Ba5 5.Bg5 f6 
6.Bd2 d6 7.d4 exd4 8.b4 dxc3 9.Bxc3 Bxb4 10.Bxb4 
Nxb4 11.a3 Nc6 12.Nc3 Bg4 13.h3 Bxf3 14.gxf3 Nge7 
15.Nd5 Nxd5 16.exd5 Ne5 17.f4 Nd7 18.Rg1 O-O 
19.Bg2 Nb6 20.Qe2 Re8 21.Be4 Kf8 22.f3 Nxd5 23.Rb1 
Nc3 24.Qc2 Nxb1 25.Qxb1 f5 26.Qxb7 fxe4 27.fxe4 
Qh4+ 28.Kf1 Qxf4+ 29.Ke1 Rxe4+ 30.Kd1 Qf3+ 31.Kc1 
Rc4+ 0-1

[Event "HCL-C4099"]
[Site "www.playchess.de"]
[Date "2006.01.18"]
[Round "5"]
[White "WPrimo"]
[Black "donsimon"]
[WhiteElo "1296"]
[BlackElo "1025"]
[PlyCount "21"]
[Result "1-0"]

1.e4 e5 2.Nf3 Nc6 3.Bb5 Qf6 4.O-O a6 5.Ba4 Bd6 
6.c3 Qf4 7.d3 Qf6 8.Bg5 Qg6 9.Qc1 b5 10.Nh4 Qh5 
11.Bd1 1-0

[Event "HCL-T254"]
[Site "www.playchess.de"]
[Date "2006.01.18"]
[Round "7"]
[White "marceli"]
[Black "stevetilbury"]
[WhiteElo "1786"]
[BlackElo "1523"]
[PlyCount "41"]
[Result "1-0"]

1.d4 Nf6 2.c4 e6 3.Nc3 Bb4 4.f3 {hi & good luck}  
d5 {Hello, look forward to the game}  5.a3 Bxc3+ 
6.bxc3 c5 7.cxd5 Nxd5 8.e4 Nxc3 9.Qd3 {what a 
blunder, i didn´t see that line}  cxd4 {I did have 
to look twice for a trap!}  10.Ne2 Nxe2 11.Bxe2 
Nc6 12.O-O e5 13.f4 O-O 14.Qg3 Qe7 15.f5 f6 
16.Bc4+ Kh8 17.Bd2 Bd7 18.Rf3 Rac8 19.Qg6 h6 
20.Rh3 Na5 21.Bxh6 1-0

[Event "HCL-A2527"]
[Site "www.playchess.de"]
[Date "2006.01.18"]
[Round "21"]
[White "asskicker"]
[Black "dynamike"]
[WhiteElo "1643"]
[BlackElo "1475"]
[PlyCount "65"]
[Result "1-0"]

1.c4 {greetings from Washington, DC.}  Nf6 
{greetings from stuttgart, germany}  2.Nc3 g6 3.g3 
Bg7 4.Bg2 c6 5.Nf3 O-O 6.O-O d5 7.cxd5 cxd5 8.d4 
Nbd7 9.Bg5 h6 10.Bxf6 Nxf6 11.Ne5 Bf5 12.Re1 Ng4 
13.e4 dxe4 14.Bxe4 Nxe5 15.Bxf5 Nc4 16.Be4 Rb8 
17.b3 Nd6 18.Rc1 Qb6 19.Nd5 Qd8 20.Bg2 e6 21.Nf4 
Nf5 22.d5 g5 23.dxe6 gxf4 24.exf7+ Rxf7 25.Bd5 
fxg3 26.Bxf7+ Kxf7 27.Qh5+ Kf6 28.hxg3 Rc8 29.g4 
Ne7 30.Rcd1 Qb6 31.Qe5+ Kg6 32.Rd6+ Kh7 
33.Qe4+ 1-0

[Event "HCL-C4020"]
[Site "www.playchess.de"]
[Date "2006.01.18"]
[Round "2"]
[White "Kelthek"]
[Black "alauddin"]
[WhiteElo "597"]
[BlackElo "938"]
[PlyCount "76"]
[Result "0-1"]

1.Nf3 d5 2.c4 dxc4 3.d4 Bg4 4.e3 e6 5.Bxc4 Nc6 
6.O-O Qd7 7.Nbd2 Nf6 8.Nb3 Be7 9.Nc5 Qc8 10.e4 
Nxe4 11.Nxe4 O-O 12.Qd2 Bxf3 13.Nc5 Rd8 14.Nb3 e5 
15.Qe3 Bxg2 16.Kxg2 Qg4+ 17.Qg3 Qh5 18.Qf3 Qg6+ 
19.Kh1 Nxd4 20.Qe3 Nc2 21.Qxe5 Qc6+ 22.f3 Nxa1 
23.Nxa1 Qxc4 24.Rg1 Bf6 25.Bg5 Bxe5 26.Nb3 Rd3 
27.Rc1 Qb4 28.f4 Qe4+ 29.Kg1 Qe3+ 30.Kf1 Bxb2 
31.Re1 Qh3+ 32.Kg1 h6 33.Be7 Re8 34.Bb4 Rxe1+ 
35.Bxe1 Qe3+ 36.Bf2 Rd1+ 37.Kg2 Qxf4 38.Bg3 
Qf1+ 0-1

[Event "HCL-E1515"]
[Site "www.playchess.de"]
[Date "2006.01.18"]
[Round "7"]
[White "One_i"]
[Black "icc17103"]
[WhiteElo "1689"]
[BlackElo "1618"]
[PlyCount "28"]
[Result "1/2-1/2"]

1.d4 {Hi, have a good game.}  d5 {hi}  2.Bf4 Nf6 
3.e3 e6 4.Bd3 c5 5.c3 Nc6 6.Nd2 cxd4 7.exd4 Bd6 
8.Bxd6 Qxd6 9.Ngf3 O-O 10.O-O e5 11.dxe5 Nxe5 
12.Nxe5 Qxe5 13.Nf3 Qf4 14.Qd2 Qxd2 {(offering 
draw)}  1/2-1/2

[Event "HCL-B3786"]
[Site "www.playchess.de"]
[Date "2006.01.18"]
[Round "10"]
[White "Sporang"]
[Black "riziotis"]
[WhiteElo "946"]
[BlackElo "1308"]
[PlyCount "64"]
[Result "0-1"]

1.e4 e5 2.Nf3 Nc6 3.Bc4 Nd4 4.Nxd4 exd4 5.d3 h6 
6.O-O Nf6 7.Bf4 Bd6 8.Bxd6 cxd6 9.Re1 O-O 10.c3 
Re8 11.cxd4 d5 12.exd5 Rxe1+ 13.Qxe1 d6 14.Nc3 Bf5 
15.Ne4 Bxe4 16.dxe4 Ng4 17.h3 Rc8 18.Rc1 Nf6 19.e5 
dxe5 20.dxe5 Nxd5 21.Bxd5 Rxc1 22.Qxc1 Qxd5 
23.Qc8+ Kh7 24.Qf5+ g6 25.Qf4 Qxa2 26.b4 Qd5 27.f3 
b6 28.g4 a5 29.g5 Qd1+ 30.Kg2 Qe2+ 31.Kg3 Qe1+ 
32.Kg4 h5+ 0-1

[Event "HCL-E1518"]
[Site "www.playchess.de"]
[Date "2006.01.18"]
[Round "4"]
[White "badplayer"]
[Black "q77ro"]
[WhiteElo "1573"]
[BlackElo "1469"]
[PlyCount "50"]
[Result "0-1"]

1.e4 {Hullo Again}  b6 2.d4 Bb7 3.Bd3 e6 4.Ne2 c5 
5.c3 cxd4 6.cxd4 Bb4+ 7.Bd2 Nc6 8.a3 Bxd2+ 9.Nxd2 
Nf6 10.O-O O-O 11.Rc1 e5 12.d5 Ne7 13.h3 d6 14.f4 
exf4 15.Nxf4 Ng6 16.Nxg6 fxg6 17.Qa4 Nd7 18.Nf3 
Nc5 19.Qd1 Qf6 20.Rc2 Rfe8 21.Re2 Rac8 22.Bb1 Ba6 
23.Rfe1 Bxe2 24.Rxe2 Qf4 25.Qd4 
Nb3 0-1

[Event "HCL-C4004"]
[Site "www.playchess.de"]
[Date "2006.01.18"]
[Round "2"]
[White "Linman1"]
[Black "rodolfosant"]
[WhiteElo "1320"]
[BlackElo "900"]
[PlyCount "37"]
[Result "1-0"]

1.e4 e6 {(offering draw)}  2.d4 {Why do you offer 
draw so early?}  d5 {(offering draw)}  3.Nd2 dxe4 
{(offering draw)}  4.Nxe4 Nf6 {(offering draw)}  
5.Bd3 Nxe4 {(offering draw)}  6.Bxe4 Nc6 7.Nf3 f6 
8.O-O e5 9.Nxe5 fxe5 10.Qh5+ g6 11.Bxg6+ hxg6 
12.Qxh8 Qf6 13.Qxf6 {Thank you :-)}  Be7 
{=/
}  14.Qxg6+ Kd7 {=/
}  15.dxe5 Nxe5 16.Qf5+ Kd6 17.Rd1+ Kc5 18.Qxe5+ 
Kb4 19.a3+ 1-0

[Event "HCL-A2458"]
[Site "www.playchess.de"]
[Date "2006.01.18"]
[Round "31"]
[White "G501"]
[Black "PCHITT"]
[WhiteElo "1401"]
[BlackElo "1460"]
[PlyCount "44"]
[Result "0-1"]

1.Nc3 {Have a nice game}  e5 {Thanks, you too}  
2.e4 c6 3.Bc4 Nf6 4.Nf3 d6 5.d4 exd4 6.Qxd4 Nbd7 
7.Ng5 Ne5 8.Bf4 c5 9.Qd1 Nxc4 10.e5 Ng4 11.exd6 
Bxd6 12.Qe2+ Qe7 13.Qxe7+ Bxe7 14.O-O-O Nxf2 {Humm 
??}  15.Nd5 Kd7 {Humm !!}  16.Nb6+ {Thanks for a 
second chance!}  Kc6 17.Nxa8 Nxh1 18.Rxh1 Bd7 
19.Nc7 Bd6 20.Bxd6 Nxd6 21.Rf1 f6 22.Nge6 
Ne8 0-1

[Event "HCL-M811"]
[Site "www.playchess.de"]
[Date "2006.01.18"]
[Round "8"]
[White "Lan"]
[Black "ETC_Chess"]
[WhiteElo "2021"]
[BlackElo "2128"]
[PlyCount "72"]
[Result "0-1"]

1.e4 {hi again ..... good luck}  d5 {Hello again 
and good luck!}  2.exd5 Qxd5 3.Nc3 Qa5 4.d4 Nf6 
5.Nf3 Bf5 6.Bc4 c6 7.Bd2 Qb6 8.Bb3 e6 9.Qe2 Nbd7 
10.O-O-O Bb4 11.Nh4 Bxc3 12.Bxc3 Be4 13.Rhe1 Bd5 
14.Nf5 Bxb3 15.Nxg7+ Kf8 16.d5 Bxd5 17.Nh5 Nxh5 
18.Bxh8 Nhf6 19.Bxf6 Nxf6 20.Qe5 Ke7 21.f3 Rg8 
22.Rd2 Nd7 23.Qh5 Qa6 24.Qh4+ Ke8 25.a3 Qc4 
26.Qxh7 Nf6 27.Qf5 Qa2 28.c3 Ke7 29.Qb1 Qxb1+ 
30.Kxb1 Rh8 31.Rh1 c5 32.b4 c4 33.a4 {Merry 
Christmas and may God Bless you and your family!}  
b6 34.h3 Nd7 35.h4 {Happy new year and all the 
best for 2006!}  Ne5 36.h5 Rh6 0-1

[Event "HCL-B3821"]
[Site "www.playchess.de"]
[Date "2006.01.18"]
[Round "13"]
[White "IRONMAIDEN"]
[Black "dynamike"]
[WhiteElo "1382"]
[BlackElo "1610"]
[PlyCount "62"]
[Result "0-1"]

1.e4 c5 2.Nf3 e6 3.Be2 Nc6 4.O-O Qc7 5.Nc3 a6 6.d4 
cxd4 7.Nxd4 Nf6 8.Bf3 Nxd4 9.Be3 Nxf3+ 10.Qxf3 Bb4 
11.Ne2 O-O 12.c3 Bc5 13.Bxc5 Qxc5 14.Nd4 b5 15.e5 
Nd5 16.Rae1 Bb7 17.Qg3 f5 18.exf6 Rxf6 19.Re5 Qe7 
20.Rfe1 Rg6 21.Qd3 Nf4 22.Qxg6 hxg6 23.Nb3 Nd3 
24.R1e3 Nxe5 25.Rxe5 Rf8 26.Nd4 Qf6 27.Re2 e5 
28.Nf3 Bxf3 29.Re3 {hat wohl nicht mehr viel Sinn 
für mich, demnächst werde ich mich wohl aus diesem 
Spiel zurückziehen.}  Bd5 {ok, kein Problem. Geht 
mir ja in anderen Spielen auch oft so.}  30.b3 {ne 
Etage höher vielleicht... Du spielst locker 
A-League. In einer 7er oder 9er Gruppe steigst Du 
auch nie ab. Bei einer 5er kann man schon mal 
schnell Letzter werden.}  Qxf2+ {Mal so, mal so. 
In den letzten 4 Tagen habe ich auch viel in der 
B-League verloren; war unaufmerksam und hab zu 
schnell gespielt und schon war es in einigen 
Partien geschehen. Da habe ich mal eben 200 Punkte 
verloren :)}  31.Kh1 {jaja... übrigens, der Letzte 
macht das Licht aus, das bist Du}  
Bxg2+ 0-1